Handbook of contraception and sexual reproductive healthcare / (Record no. 6226)
[ view plain ]
| 000 -LEADER | |
|---|---|
| fixed length control field | 00888cam a22002418i 4500 |
| 005 - DATE AND TIME OF LATEST TRANSACTION | |
| control field | 20260630170851.0 |
| 008 - FIXED-LENGTH DATA ELEMENTS--GENERAL INFORMATION | |
| fixed length control field | 210719s2022 nyu ob 001 0 eng |
| 020 ## - INTERNATIONAL STANDARD BOOK NUMBER | |
| International Standard Book Number | 9781108961110 |
| Qualifying information | (ebook) |
| 020 ## - INTERNATIONAL STANDARD BOOK NUMBER | |
| Canceled/invalid ISBN | 9781108958639 |
| Qualifying information | (paperback) |
| 040 ## - CATALOGING SOURCE | |
| Original cataloging agency | KABLIB |
| Language of cataloging | eng |
| Transcribing agency | KABLIB |
| Description conventions | rda |
| 082 00 - DEWEY DECIMAL CLASSIFICATION NUMBER | |
| Classification number | 613.9 |
| Edition number | 23 |
| Item number | HAN |
| 245 00 - TITLE STATEMENT | |
| Title | Handbook of contraception and sexual reproductive healthcare / |
| Statement of responsibility, etc. | Johannes Bitzer, Tahir A. Mahmood (editors). |
| 250 ## - EDITION STATEMENT | |
| Edition statement | 1st ed. |
| 264 #1 - PRODUCTION, PUBLICATION, DISTRIBUTION, MANUFACTURE, AND COPYRIGHT NOTICE | |
| Place of production, publication, distribution, manufacture | New York, NY : |
| Name of producer, publisher, distributor, manufacturer | Cambridge University Press, |
| Date of production, publication, distribution, manufacture, or copyright notice | c2022. |
| 300 ## - PHYSICAL DESCRIPTION | |
| Extent | xvi, 488 p. : |
| Other physical details | ill. ; |
| Dimensions | 24 cm. |
| 504 ## - BIBLIOGRAPHY, ETC. NOTE | |
| Bibliography, etc. note | Includes bibliographical references, index. |
| 650 12 - SUBJECT ADDED ENTRY--TOPICAL TERM | |
| Topical term or geographic name entry element | Contraception |
| General subdivision | methods |
| 9 (RLIN) | 15831 |
| 650 22 - SUBJECT ADDED ENTRY--TOPICAL TERM | |
| Topical term or geographic name entry element | Contraceptive Agents |
| 9 (RLIN) | 15832 |
| 650 22 - SUBJECT ADDED ENTRY--TOPICAL TERM | |
| Topical term or geographic name entry element | Sexually Transmitted Diseases |
| 9 (RLIN) | 15835 |
| 700 1# - ADDED ENTRY--PERSONAL NAME | |
| Personal name | Bitzer, Johannes |
| Dates associated with a name | 1950- |
| Relator term | editor. |
| 9 (RLIN) | 15841 |
| 700 1# - ADDED ENTRY--PERSONAL NAME | |
| Personal name | Mahmood, Tahir A, |
| Relator term | editor. |
| 9 (RLIN) | 15842 |
| 942 ## - ADDED ENTRY ELEMENTS (KOHA) | |
| Source of classification or shelving scheme | Dewey Decimal Classification |
| Koha item type | Book |
| Withdrawn status | Lost status | Source of classification or shelving scheme | Damaged status | Not for loan | Home library | Current library | Shelving location | Date acquired | Source of acquisition | Total Checkouts | Full call number | Barcode | Date last seen | Price effective from | Koha item type |
|---|---|---|---|---|---|---|---|---|---|---|---|---|---|---|---|
| Dewey Decimal Classification | School of Medicine Library | School of Medicine Library | Open Access Section | 30.06.2026 | Purchased | 613.9 HAN | 14857 | 30.06.2026 | 30.06.2026 | Book | |||||
| Dewey Decimal Classification | School of Medicine Library | School of Medicine Library | Open Access Section | 30.06.2026 | Purchased | 613.9 HAN | 14858 | 30.06.2026 | 30.06.2026 | Book | |||||
| Dewey Decimal Classification | School of Medicine Library | School of Medicine Library | Open Access Section | 30.06.2026 | Purchased | 613.9 HAN | 14859 | 30.06.2026 | 30.06.2026 | Book |